[Event "EYg16, Budva YUG"]
[Site "?"]
[Date "2003.??.??"]
[Round "7"]
[White "Rogule, L."]
[Black "Kirillova, V."]
[Result "0-1"]
[WhiteElo "2250"]
[BlackElo "2115"]
[PlyCount "92"]
[EventDate "2003.??.??"]

1. c4 d6 2. Nc3 e5 3. g3 f5 4. Bg2 Nf6 5. d3 Be7 6. e3 c6 7. Nge2 O-O 8. O-O
Be6 9. f4 Nbd7 10. h3 a5 11. b3 Qb6 12. Kh2 Rad8 13. e4 fxe4 14. dxe4 Nc5 15.
f5 Bf7 16. Be3 Qa6 17. g4 h6 18. Ng3 Nh7 19. Qd2 b6 20. Rad1 Qb7 21. Qf2 Bh4
22. Rd2 Qe7 23. Rfd1 h5 24. Qe2 hxg4 25. Qxg4 Bg5 26. Bxg5 Nxg5 27. Rf1 Qf6 28.
h4 Nh7 29. Bf3 Qh6 30. Rg2 Nd3 31. Nge2 Rd7 32. Rfg1 Be8 33. Na4 b5 34. cxb5
cxb5 35. Nb6 Rb7 36. Nc8 b4 37. Rd1 Bb5 38. Qg6 Qxh4+ 39. Kg1 Ne1 40. Nxd6
Nxf3+ 41. Kf1 Qh1+ 42. Kf2 Qxd1 43. Nxb7 Qxe2+ 44. Kg3 Qxe4 45. Nd6 Qf4+ 46.
Kf2 Nh4+ 0-1

[Event "EYg16, Budva YUG"]
[Site "?"]
[Date "2003.??.??"]
[Round "7"]
[White "Gilbert, Je"]
[Black "Bannikova, A."]
[Result "1/2-1/2"]
[WhiteElo "2105"]
[BlackElo "2195"]
[PlyCount "60"]
[EventDate "2003.??.??"]

1. d4 Nf6 2. c4 g6 3. f3 d5 4. cxd5 Nxd5 5. e4 Nb6 6. Nc3 Bg7 7. Be3 O-O 8. Qd2
e5 9. d5 c6 10. Rc1 N8d7 11. dxc6 bxc6 12. Nh3 Qe7 13. Be2 Rd8 14. Rd1 Bb7 15.
Qd6 Qxd6 16. Rxd6 Nf8 17. Rxd8 Rxd8 18. a4 Ne6 19. a5 Nc8 20. Kf2 a6 21. Rd1
Rxd1 22. Bxd1 Bf8 23. Na4 Bb4 24. Bb3 Nf8 25. Nc5 Nd6 26. Nxb7 Nxb7 27. Bc4
Nxa5 28. Bxa6 f6 29. Bb6 Nd7 30. Bxa5 Bxa5 1/2-1/2

[Event "EYg16, Budva YUG"]
[Site "?"]
[Date "2003.??.??"]
[Round "7"]
[White "Malysheva, P."]
[Black "Kovanova, B."]
[Result "1/2-1/2"]
[WhiteElo "2155"]
[BlackElo "2180"]
[PlyCount "107"]
[EventDate "2003.??.??"]

1. e4 e5 2. Nf3 Nc6 3. Bb5 a6 4. Ba4 Nf6 5. d4 b5 6. dxe5 Nxe4 7. Bb3 Nc5 8.
Bd5 Be7 9. Nd4 Bb7 10. Bxc6 Bxc6 11. Qg4 g6 12. Bh6 Ne6 13. O-O Bf8 14. Bxf8
Kxf8 15. Nxc6 dxc6 16. Nc3 Qd4 17. Qf3 Qxe5 18. Rfe1 Qf5 19. Qxc6 Kg7 20. Nd5
Rhd8 21. Qc3+ Kh6 22. Ne3 Qf4 23. Rad1 Nd4 24. Rd3 b4 25. Qc5 Ne6 26. Qe7 Re8
27. Nd5 Rxe7 28. Nxf4 Nxf4 29. Rxe7 Nxd3 30. cxd3 Rd8 31. Kf1 c5 32. Rxf7 Rxd3
33. Ke2 Rd6 34. h4 Rd4 35. g3 Rc4 36. Kd3 Rd4+ 37. Ke2 c4 38. f3 Rd5 39. g4 g5
40. Rf6+ Kg7 41. hxg5 a5 42. Rc6 Rd3 43. Rc7+ Kg6 44. f4 Rd4 45. Rc6+ Kg7 46.
Rf6 Re4+ 47. Kd2 a4 48. Rb6 c3+ 49. bxc3 bxc3+ 50. Kxc3 Rxf4 51. Rb4 Rf3+ 52.
Kb2 a3+ 53. Kc2 Rg3 54. Ra4 1/2-1/2

[Event "EYg16, Budva YUG"]
[Site "?"]
[Date "2003.??.??"]
[Round "7"]
[White "Cherenkova, K."]
[Black "Rozic, V."]
[Result "1/2-1/2"]
[WhiteElo "2170"]
[BlackElo "2135"]
[PlyCount "119"]
[EventDate "2003.??.??"]

1. d4 d5 2. c4 e6 3. Nf3 Nf6 4. g3 c6 5. Bg2 Be7 6. O-O O-O 7. Qc2 Nbd7 8. Rd1
h6 9. b3 b6 10. Bb2 Bb7 11. Nc3 Qc7 12. Rac1 Rac8 13. e4 dxe4 14. Nxe4 c5 15.
Nc3 cxd4 16. Nb5 Qb8 17. Nbxd4 Rfe8 18. a3 Bf8 19. Qe2 Nc5 20. b4 e5 21. Nc2 e4
22. Nfe1 Ncd7 23. Ne3 Ne5 24. Bd4 Rcd8 25. c5 bxc5 26. bxc5 Bc6 27. Rb1 Qc7 28.
Qb2 Neg4 29. Nxg4 Nxg4 30. h3 Rb8 31. Qc2 Rxb1 32. Rxb1 Nf6 33. Bxf6 gxf6 34.
Qc4 f5 35. Nc2 Re5 36. Nd4 Rxc5 37. Qa6 Bd5 38. Nxf5 Be6 39. Nd4 Bd5 40. Nb5
Qc6 41. Qxc6 Rxc6 42. Nxa7 Ra6 43. Nb5 Bc4 44. Bxe4 Bxb5 45. Rxb5 Rxa3 46. Bd5
Ra7 47. Kg2 Kg7 48. Rb6 Rd7 49. Bb3 Bc5 50. Rc6 Ba7 51. Rc2 Bb6 52. h4 Rc7 53.
Rb2 Ba7 54. Ra2 Bc5 55. Rc2 Bb6 56. Rb2 Bc5 57. Re2 Re7 58. Rd2 Rc7 59. g4 Be7
60. h5 1/2-1/2

[Event "EYg16, Budva YUG"]
[Site "?"]
[Date "2003.??.??"]
[Round "7"]
[White "Majdan, J."]
[Black "Klimets, E."]
[Result "1-0"]
[WhiteElo "2170"]
[BlackElo "2000"]
[PlyCount "113"]
[EventDate "2003.??.??"]

1. e4 d6 2. d4 Nf6 3. Nc3 g6 4. h3 Bg7 5. Nf3 O-O 6. Be3 c6 7. a4 b6 8. Qd2 Na6
9. Be2 Nb4 10. g4 Ba6 11. Bxa6 Nxa6 12. Bh6 d5 13. Bxg7 Kxg7 14. e5 Ne4 15. Qe2
Nxc3 16. bxc3 Qc8 17. c4 c5 18. cxd5 cxd4 19. O-O Nb4 20. Qe4 Qd7 21. Rfd1 Qxd5
22. Qxd5 Nxd5 23. Rxd4 Nc3 24. Rd7 Rfe8 25. a5 b5 26. Ra3 Ne4 27. a6 Kf8 28.
Rb7 Reb8 29. Nd4 b4 30. Ra5 Rc8 31. Rxb4 Rc5 32. Rab5 Kg7 33. f3 Rxb5 34. Rxb5
Rd8 35. Ne6+ fxe6 36. fxe4 Rd1+ 37. Kf2 Ra1 38. Rb7 Rxa6 39. Rxe7+ Kh6 40. h4
g5 41. h5 Rc6 42. Ke3 a5 43. Ra7 Rxc2 44. Ra6 Rc3+ 45. Kd4 Rg3 46. Rxe6+ Kg7
47. Re7+ Kg8 48. h6 Rxg4 49. Rg7+ Kf8 50. Rxh7 Rh4 51. Kd5 g4 52. Kd6 Kg8 53.
Rg7+ Kf8 54. e6 Rxh6 55. Rg5 g3 56. Rxa5 Rf6 57. Kd7 1-0

[Event "EYg16, Budva YUG"]
[Site "?"]
[Date "2003.??.??"]
[Round "7"]
[White "Czarnota, D."]
[Black "Djukic, Sa"]
[Result "1-0"]
[WhiteElo "2215"]
[BlackElo "2030"]
[PlyCount "55"]
[EventDate "2003.??.??"]

1. e4 c5 2. Nf3 Nc6 3. d4 cxd4 4. Nxd4 Qc7 5. Nb5 Qb8 6. c4 a6 7. N5c3 Nf6 8.
Be2 e6 9. Be3 Qc7 10. O-O Be7 11. a3 d6 12. f4 Rb8 13. Nd2 Bd7 14. b4 Nd8 15.
Rc1 O-O 16. Qe1 b6 17. Qg3 Kh8 18. Nf3 Qb7 19. Bd3 b5 20. e5 Nh5 21. Qh3 g6 22.
cxb5 Bxb5 23. Nxb5 axb5 24. g4 Ng7 25. exd6 Bf6 26. Ng5 Bxg5 27. fxg5 e5 28.
Bxg6 1-0

[Event "EYg16, Budva YUG"]
[Site "?"]
[Date "2003.??.??"]
[Round "7"]
[White "Franciskovic, B."]
[Black "Burtasova, A."]
[Result "0-1"]
[WhiteElo "2030"]
[BlackElo "2200"]
[PlyCount "60"]
[EventDate "2003.??.??"]

1. Nf3 c5 2. c4 Nc6 3. g3 g6 4. Bg2 Bg7 5. Nc3 e5 6. d3 Nge7 7. O-O O-O 8. Rb1
d6 9. a3 a5 10. Ne1 f5 11. Nc2 a4 12. Ne3 Nd4 13. Ned5 Nxd5 14. Bxd5+ Kh8 15.
e3 Nb3 16. Nxa4 Nxc1 17. Rxc1 f4 18. Nc3 Bh3 19. Re1 Bh6 20. Ne4 Qd7 21. Qb3
Rad8 22. Nd2 fxe3 23. fxe3 Qf5 24. Nf3 Bg4 25. Be4 Qf6 26. Nh4 Qf2+ 27. Kh1
Bxe3 28. Rb1 Rd7 29. Bg2 Rdf7 30. Qa2 g5 0-1

[Event "EYg16, Budva YUG"]
[Site "?"]
[Date "2003.??.??"]
[Round "7"]
[White "Borosova, Z."]
[Black "Mar, K."]
[Result "1-0"]
[WhiteElo "2055"]
[BlackElo "2200"]
[PlyCount "53"]
[EventDate "2003.??.??"]

1. e4 c5 2. Nf3 d6 3. d4 cxd4 4. Nxd4 Nf6 5. Nc3 e6 6. Bc4 Be7 7. O-O O-O 8.
Bb3 Na6 9. f4 Nc5 10. e5 dxe5 11. fxe5 Nxb3 12. axb3 Nd5 13. Nxd5 Qxd5 14. Nf3
Bc5+ 15. Kh1 Qc6 16. Ng5 h6 17. Nh3 b5 18. Bxh6 Qd5 19. Qh5 gxh6 20. Qg4+ Kh8
21. Rf6 Be3 22. Nf4 Kh7 23. Nxd5 exd5 24. Qf3 Bg5 25. Rxf7+ Rxf7 26. Qxf7+ Kh8
27. e6 1-0

[Event "EYg16, Budva YUG"]
[Site "?"]
[Date "2003.??.??"]
[Round "7"]
[White "Raeva, E."]
[Black "Iodo, A."]
[Result "1-0"]
[WhiteElo "2190"]
[BlackElo "2160"]
[PlyCount "81"]
[EventDate "2003.??.??"]

1. c4 Nf6 2. Nc3 c5 3. e4 d6 4. g3 g6 5. Bg2 Bg7 6. Nge2 Nc6 7. O-O Be6 8. d3
Qd7 9. Nf4 O-O 10. a3 h6 11. Rb1 a5 12. h3 Nd4 13. Be3 Nh7 14. Ncd5 Bxd5 15.
Nxd5 Ra7 16. b4 axb4 17. axb4 e6 18. Nc3 b6 19. Qd2 Ra3 20. Bxd4 cxd4 21. Nb5
Ra4 22. Ra1 Rfa8 23. Qb2 Qd8 24. Rxa4 Rxa4 25. Qb3 Ra6 26. e5 dxe5 27. Bb7 Ra8
28. Bxa8 Qxa8 29. f3 Qc6 30. Na7 Qb7 31. Qa4 Bf8 32. b5 Qe7 33. Qa2 Qg5 34. Kg2
Qe3 35. Rd1 Bd6 36. Qd2 Qxd2+ 37. Rxd2 f5 38. Ra2 Nf6 39. Nc6 Nd7 40. Ra8+ Kf7
41. Rd8 1-0

[Event "EYg16, Budva YUG"]
[Site "?"]
[Date "2003.??.??"]
[Round "7"]
[White "Zawadzka, J."]
[Black "Khudaverdieva, A."]
[Result "1-0"]
[WhiteElo "2275"]
[BlackElo "2075"]
[PlyCount "63"]
[EventDate "2003.??.??"]

1. e4 e6 2. d4 d5 3. Nc3 Nf6 4. e5 Nfd7 5. f4 c5 6. Nf3 Nc6 7. Be3 a6 8. Qd2
cxd4 9. Nxd4 Bc5 10. O-O-O O-O 11. g4 Nxd4 12. Bxd4 Qc7 13. Ne2 b5 14. h4 a5
15. h5 b4 16. g5 b3 17. Kb1 bxc2+ 18. Qxc2 Qb6 19. g6 fxg6 20. hxg6 h6 21. Bxc5
Nxc5 22. Bh3 Ba6 23. f5 Rab8 24. Nf4 Rfc8 25. f6 Nd3 26. Bxe6+ Kf8 27. fxg7+
Kxg7 28. Nh5+ Kf8 29. Rdf1+ Ke7 30. Bxc8 Nxb2 31. Rf7+ Ke8 32. Ng7+ 1-0

[Event "EYg16, Budva YUG"]
[Site "?"]
[Date "2003.??.??"]
[Round "7"]
[White "Schneider, Ve"]
[Black "Vasiliev, Olg"]
[Result "0-1"]
[WhiteElo "2090"]
[BlackElo "2185"]
[PlyCount "84"]
[EventDate "2003.??.??"]

1. Nf3 d5 2. b3 Nf6 3. Bb2 e6 4. e3 c5 5. d4 b6 6. Bd3 Ba6 7. Ne5 Bxd3 8. cxd3
Bd6 9. f4 Nbd7 10. O-O Nf8 11. Nd2 Ng6 12. Ndf3 O-O 13. Ng5 Rc8 14. Qf3 Qe7 15.
Qh3 h6 16. Ngxf7 Bxe5 17. dxe5 Ne8 18. Nd6 Nxd6 19. exd6 Qxd6 20. Qh5 Kh7 21.
Rf3 d4 22. Raf1 Rf6 23. g4 Rcf8 24. Qh3 Ne7 25. g5 Rg6 26. e4 e5 27. Bc1 exf4
28. Bxf4 Qe6 29. Qxe6 Rxe6 30. Bd2 Rxf3 31. Rxf3 hxg5 32. Bxg5 Nc6 33. a3 Rg6
34. h4 Ne5 35. Rg3 b5 36. Kf2 Ra6 37. Be7 Nd7 38. b4 c4 39. dxc4 bxc4 40. Bc5
d3 41. b5 Nxc5 42. bxa6 Nxe4+ 0-1

[Event "EYg16, Budva YUG"]
[Site "?"]
[Date "2003.??.??"]
[Round "7"]
[White "Padurariu, S."]
[Black "Keskin, S."]
[Result "1-0"]
[WhiteElo "2100"]
[BlackElo "2005"]
[PlyCount "81"]
[EventDate "2003.??.??"]

1. e4 c5 2. Nc3 e6 3. f4 Nc6 4. Nf3 d5 5. Bb5 Nge7 6. exd5 exd5 7. Qe2 a6 8.
Bxc6+ bxc6 9. d3 h6 10. O-O Qd6 11. Na4 Rb8 12. c4 f6 13. b3 Kf7 14. Ba3 Kg8
15. Bxc5 Qc7 16. Nd4 Nf5 17. Nxf5 Bxf5 18. cxd5 Bxc5+ 19. Nxc5 cxd5 20. d4 Ra8
21. Nxa6 Qc3 22. Rfd1 Kh7 23. Nc5 Bc2 24. Rdc1 Qxd4+ 25. Qf2 Qxf2+ 26. Kxf2 Bf5
27. Rd1 Rhd8 28. Rd4 Ra7 29. a4 Bg6 30. b4 Bf7 31. Re1 Rc8 32. a5 Rb8 33. Re3
Rb5 34. Ke1 Ra8 35. Kd2 Rab8 36. Kc3 Rc8 37. Re7 Kg8 38. a6 Kf8 39. Rb7 Rxb7
40. axb7 Rd8 41. b8=Q 1-0

[Event "EYg16, Budva YUG"]
[Site "?"]
[Date "2003.??.??"]
[Round "7"]
[White "Kezele, T."]
[Black "Bjeloglav, M."]
[Result "1/2-1/2"]
[WhiteElo "2020"]
[BlackElo "2015"]
[PlyCount "26"]
[EventDate "2003.??.??"]

1. e4 c5 2. Nf3 Nc6 3. c3 d5 4. exd5 Qxd5 5. d4 Bg4 6. Be2 cxd4 7. cxd4 e6 8.
Nc3 Qa5 9. O-O Nf6 10. Be3 Be7 11. h3 Bh5 12. a3 O-O 13. Nd2 Bxe2 1/2-1/2

[Event "EYg16, Budva YUG"]
[Site "?"]
[Date "2003.??.??"]
[Round "8"]
[White "Fominykh, M."]
[Black "Kirillova, V."]
[Result "1/2-1/2"]
[WhiteElo "2235"]
[BlackElo "2115"]
[PlyCount "31"]
[EventDate "2003.??.??"]

1. d4 Nf6 2. Nf3 g6 3. c4 Bg7 4. Nc3 d6 5. g3 O-O 6. Bg2 c6 7. O-O Nbd7 8. h3
e5 9. e4 a5 10. Be3 a4 11. b4 axb3 12. axb3 Rxa1 13. Qxa1 Re8 14. d5 Qc7 15.
Nd2 Nh5 16. Qa7 1/2-1/2

[Event "EYg16, Budva YUG"]
[Site "?"]
[Date "2003.??.??"]
[Round "8"]
[White "Purtseladze, M."]
[Black "Rogule, L."]
[Result "1-0"]
[WhiteElo "2215"]
[BlackElo "2250"]
[PlyCount "119"]
[EventDate "2003.??.??"]

1. d4 d5 2. c4 e6 3. Nf3 Nf6 4. g3 dxc4 5. Qa4+ Nbd7 6. Bg2 Bd6 7. Nbd2 O-O 8.
Nxc4 Nb6 9. Nxb6 cxb6 10. Ne5 Nd7 11. Nc4 Bc7 12. O-O a6 13. Qa3 Nf6 14. Qd3 b5
15. Nd2 Rb8 16. Ne4 Nxe4 17. Bxe4 f5 18. Bg2 e5 19. Qb3+ Kh8 20. dxe5 Bxe5 21.
Rd1 Qf6 22. Qb4 Be6 23. f4 Bc7 24. Be3 Bc4 25. Rd7 Qe6 26. Qe7 Qxe7 27. Rxe7
Bd8 28. Rxb7 Bf6 29. Ra7 Rfe8 30. Bc5 b4 31. Rc1 Bxa2 32. Rxa6 b3 33. Rxf6 gxf6
34. Bd4 Rxe2 35. Bxf6+ Kg8 36. Bd5+ Kf8 37. Rc7 Rb6 38. Bc3 Rc2 39. Rc8+ Ke7
40. Bf3 Kd7 41. Rc5 Re6 42. Rd5+ Rd6 43. Rc5 Rd3 44. Rd5+ Rxd5 45. Bxd5 Kd6 46.
Bg8 h6 47. Be5+ Kc5 48. Be6 Re2 49. Bxf5 Bb1 50. Bxb1 Re1+ 51. Kf2 Rxb1 52. g4
Kd5 53. Bc3 Rc1 54. Bg7 Ke4 55. f5 Rc7 56. Bh8 Kf4 57. h3 Rc2+ 58. Ke1 Kg3 59.
Be5+ Kxh3 60. f6 1-0

[Event "EYg16, Budva YUG"]
[Site "?"]
[Date "2003.??.??"]
[Round "8"]
[White "Czarnota, D."]
[Black "Majdan, J."]
[Result "1-0"]
[WhiteElo "2215"]
[BlackElo "2170"]
[PlyCount "109"]
[EventDate "2003.??.??"]

1. e4 c5 2. Nf3 d6 3. d4 cxd4 4. Nxd4 Nf6 5. Nc3 g6 6. f3 Bg7 7. Be3 O-O 8. Qd2
Nc6 9. O-O-O Nxd4 10. Bxd4 Be6 11. Kb1 Qc7 12. g4 Rfc8 13. h4 Qa5 14. a3 Rab8
15. h5 b5 16. h6 Bh8 17. Nd5 Qxd2 18. Rxd2 Bxd5 19. exd5 a5 20. Be2 Nd7 21.
Bxh8 Kxh8 22. Rd4 Kg8 23. Re1 Rc5 24. f4 Kf8 25. Bf3 Nb6 26. c3 Nc4 27. Be2 Ne3
28. Bf3 Nc4 29. Be2 Rbc8 30. Bxc4 Rxc4 31. Red1 Ke8 32. Kc2 Kd7 33. R1d3 Rxd4
34. Rxd4 e5 35. dxe6+ fxe6 36. Kd3 Rc5 37. a4 Kc6 38. b4 axb4 39. cxb4 Rc1 40.
axb5+ Kxb5 41. Re4 Rh1 42. g5 Rh2 43. Rxe6 Rh1 44. Ke2 d5 45. Re7 Kc4 46. Rxh7
d4 47. Rc7+ Kd5 48. Kf3 d3 49. Ke3 Rh3+ 50. Kd2 Kd4 51. Rd7+ Ke4 52. Kc3 Kxf4
53. Rxd3 Rh1 54. Rd5 Ke4 55. Rc5 1-0

[Event "EYg16, Budva YUG"]
[Site "?"]
[Date "2003.??.??"]
[Round "8"]
[White "Burtasova, A."]
[Black "Cherenkova, K."]
[Result "0-1"]
[WhiteElo "2200"]
[BlackElo "2170"]
[PlyCount "86"]
[EventDate "2003.??.??"]

1. e4 c6 2. d4 d5 3. e5 Bf5 4. Nc3 e6 5. g4 Bg6 6. Nge2 h6 7. f4 Be7 8. Bg2
Bh4+ 9. Ng3 Ne7 10. O-O Bxg3 11. hxg3 h5 12. gxh5 Bxh5 13. g4 Bg6 14. f5 exf5
15. Bg5 Qd7 16. Bxe7 Qxe7 17. gxf5 Bh5 18. Qd2 Nd7 19. Rae1 O-O-O 20. Qf4 Nb6
21. a4 g5 22. Qf2 Rdg8 23. a5 Nc4 24. b3 Nxa5 25. Ra1 b6 26. Qe3 Bg4 27. Na4
Qc7 28. c4 dxc4 29. bxc4 Nxc4 30. Qg3 Rh4 31. Rfc1 Na5 32. d5 Bxf5 33. dxc6 Rg4
34. Qf3 Qxe5 35. Rd1 Rh8 36. c7 Qh2+ 37. Kf1 Rf4 38. Ra3 Rxf3+ 39. Rxf3 Be4 40.
Rf2 Bxg2+ 41. Rxg2 Qf4+ 42. Rf2 Rh1+ 43. Ke2 Qe4+ 0-1

[Event "EYg16, Budva YUG"]
[Site "?"]
[Date "2003.??.??"]
[Round "8"]
[White "Bannikova, A."]
[Black "Malysheva, P."]
[Result "0-1"]
[WhiteElo "2195"]
[BlackElo "2155"]
[PlyCount "62"]
[EventDate "2003.??.??"]

1. e4 c5 2. Nc3 Nc6 3. g3 Nf6 4. Bg2 e6 5. d3 Be7 6. Nge2 O-O 7. O-O d5 8. Bg5
d4 9. Nb1 Ne8 10. Bxe7 Qxe7 11. Nd2 e5 12. a4 Rb8 13. Nc4 Qc7 14. Qd2 b6 15. f4
exf4 16. Nxf4 Nd6 17. Na3 a6 18. Nd5 Qd8 19. Rae1 f6 20. Nc4 Nf7 21. Qe2 b5 22.
axb5 axb5 23. Nd2 Nfe5 24. h3 Be6 25. Nf3 c4 26. Ra1 Re8 27. Nxe5 Nxe5 28. Ra7
Nc6 29. Ra6 Bxd5 30. Qd2 Qc8 31. exd5 Qxa6 0-1

[Event "EYg16, Budva YUG"]
[Site "?"]
[Date "2003.??.??"]
[Round "8"]
[White "Rozic, V."]
[Black "Raeva, E."]
[Result "1-0"]
[WhiteElo "2135"]
[BlackElo "2190"]
[PlyCount "63"]
[EventDate "2003.??.??"]

1. d4 d5 2. c4 e6 3. Nc3 Nf6 4. Bg5 Nbd7 5. e3 c6 6. Nf3 Bb4 7. Qc2 Qa5 8. Bxf6
Nxf6 9. Nd2 O-O 10. Bd3 dxc4 11. Nxc4 Qg5 12. O-O h5 13. a3 Be7 14. b4 b6 15.
Ne5 Bb7 16. Ne4 Nxe4 17. Bxe4 Rac8 18. f4 Qh6 19. Rac1 a5 20. Nd7 Rfd8 21. Nxb6
Rb8 22. bxa5 Ba6 23. Bd3 Bb7 24. Rb1 c5 25. dxc5 e5 26. a6 Bc6 27. a7 Ra8 28.
Nxa8 Bxa8 29. Be4 Bxe4 30. Qxe4 Qa6 31. Qb7 Qe2 32. Qxe7 1-0

[Event "EYg16, Budva YUG"]
[Site "?"]
[Date "2003.??.??"]
[Round "8"]
[White "Kovanova, B."]
[Black "Borosova, Z."]
[Result "0-1"]
[WhiteElo "2180"]
[BlackElo "2055"]
[PlyCount "88"]
[EventDate "2003.??.??"]

1. f4 Nf6 2. Nf3 g6 3. g3 Bg7 4. Bg2 c5 5. O-O d5 6. d3 Nc6 7. c3 O-O 8. h3 d4
9. e4 e5 10. c4 Nh5 11. Kh2 exf4 12. gxf4 Qc7 13. Ng1 f5 14. Ne2 fxe4 15. dxe4
Be6 16. Na3 Rad8 17. e5 d3 18. Ng3 Nxg3 19. Kxg3 Nxe5 20. Be3 Nxc4 21. Nxc4
Bxc4 22. Rc1 b5 23. Qd2 Bd4 24. Bxd4 Rxd4 25. b3 Bd5 26. Bxd5+ Rxd5 27. Qe3 d2
28. Rcd1 Qd7 29. Rf3 c4 30. bxc4 bxc4 31. Qc3 Rd4 32. Qb4 Rc8 33. Qc3 Qd6 34.
h4 Rf8 35. Qe3 Rd3 36. Qe4 Rxf3+ 37. Qxf3 Qd4 38. h5 g5 39. f5 Qf4+ 40. Qxf4
gxf4+ 41. Kxf4 c3 42. Rg1+ Kf7 43. Ke3 Re8+ 44. Kf2 c2 0-1

[Event "EYg16, Budva YUG"]
[Site "?"]
[Date "2003.??.??"]
[Round "8"]
[White "Stojanovic, An"]
[Black "Gilbert, Je"]
[Result "0-1"]
[WhiteElo "2170"]
[BlackElo "2105"]
[PlyCount "110"]
[EventDate "2003.??.??"]

1. e4 c5 2. Nf3 Nc6 3. d4 cxd4 4. Nxd4 g6 5. c4 Nf6 6. Nc3 d6 7. Be2 Nxd4 8.
Qxd4 Bg7 9. O-O O-O 10. Bg5 Be6 11. Rac1 Nd5 12. Qd1 Nxc3 13. bxc3 Qc7 14. Qb3
Rfc8 15. Rfd1 b6 16. Rd4 f6 17. Be3 Bf7 18. Rcd1 Bf8 19. f4 e5 20. fxe5 fxe5
21. Rd5 Bxd5 22. Rxd5 Kh8 23. Qd1 Be7 24. Qe1 Rf8 25. Qg3 Rf7 26. Bh6 Bf8 27.
Bc1 Re8 28. Bg5 Bg7 29. Qd3 Bf8 30. Qg3 Qc6 31. Qd3 Qa4 32. Qd2 Qc6 33. Qd3 h6
34. Be3 Re6 35. Qd2 Kh7 36. h4 h5 37. Bg5 Be7 38. Qe3 Bxg5 39. hxg5 Qe8 40. Rd1
Qc6 41. Rd5 Kg7 42. Qh3 Re8 43. Qd3 Rd7 44. Bf3 Rf8 45. Be2 Qc7 46. Qe3 Qd8 47.
g3 Qe7 48. Rd1 Qe6 49. Kg2 Rdf7 50. Rf1 Rxf1 51. Bxf1 h4 52. Be2 Qf7 53. gxh4
Qf4 54. Qxf4 Rxf4 55. Bf3 Rxh4 0-1

[Event "EYg16, Budva YUG"]
[Site "?"]
[Date "2003.??.??"]
[Round "8"]
[White "Klimets, E."]
[Black "Zawadzka, J."]
[Result "0-1"]
[WhiteElo "2000"]
[BlackElo "2275"]
[PlyCount "56"]
[EventDate "2003.??.??"]

1. e4 e5 2. Nc3 Nf6 3. Bc4 Nc6 4. d3 Bb4 5. Bg5 h6 6. Bxf6 Qxf6 7. Nge2 d6 8.
O-O Bxc3 9. Nxc3 Be6 10. Nd5 Bxd5 11. Bxd5 O-O 12. c3 Ne7 13. Bb3 Rad8 14. f4
d5 15. Qh5 exf4 16. e5 Qg5 17. Qe2 Nf5 18. d4 Ne3 19. Rf3 f6 20. e6 Rfe8 21. g3
Rxe6 22. Rxf4 Rde8 23. Qf3 c6 24. Re1 Qg6 25. h3 Qf7 26. Re2 g5 27. Rxe3 Rxe3
28. Qg4 h5 0-1

[Event "EYg16, Budva YUG"]
[Site "?"]
[Date "2003.??.??"]
[Round "8"]
[White "Pambalou, F."]
[Black "Mar, K."]
[Result "0-1"]
[WhiteElo "2045"]
[BlackElo "2200"]
[PlyCount "146"]
[EventDate "2003.??.??"]

1. e4 c5 2. b3 d6 3. Bb2 Nf6 4. Bb5+ Bd7 5. Bxd7+ Qxd7 6. d3 Nc6 7. f4 g6 8.
Nf3 Bg7 9. O-O O-O 10. Qe2 b5 11. e5 Nd5 12. Ng5 Nc7 13. Re1 d5 14. Nd2 e6 15.
Ndf3 Ne7 16. Qf2 h6 17. Nh3 Qc6 18. c4 bxc4 19. bxc4 Rab8 20. Ba3 Na6 21. Rab1
Rfd8 22. Qc2 Nf5 23. Nf2 Nb4 24. Bxb4 cxb4 25. c5 a5 26. d4 Ne7 27. Nd3 Qa6 28.
Nb2 Nc6 29. Nc4 Bf8 30. Red1 Be7 31. h4 Kg7 32. Kf2 Rf8 33. Qd3 Qb7 34. g3 Qd7
35. Nb6 Qb7 36. Na4 Bd8 37. Ke2 Qd7 38. Qb3 Bc7 39. Rf1 Qe7 40. Rbd1 Qe8 41.
Nb2 Na7 42. Ke3 Nc6 43. Na4 Qe7 44. Nb2 Qd7 45. Na4 Rb7 46. Rf2 Ne7 47. Kd2 Nf5
48. g4 Ng3 49. Ke3 Ne4 50. Rff1 Bd8 51. g5 Rh8 52. Rh1 Ng3 53. Rh2 Nf5+ 54. Kf2
Qb5 55. Nb2 Ra7 56. Qa4 Qxa4 57. Nxa4 Ne7 58. Rd3 Nc6 59. Kg3 Rb7 60. Rb3 Bc7
61. Rh3 Rbb8 62. Rb1 Rb7 63. Rb2 b3 64. Rh1 Rb4 65. axb3 hxg5 66. fxg5 Nxd4 67.
Nxd4 Bxe5+ 68. Kf3 Bxd4 69. Rbb1 Rhb8 70. c6 Be5 71. Nc5 Bd6 72. Nb7 Bc7 73.
Rh3 e5 0-1

[Event "EYg16, Budva YUG"]
[Site "?"]
[Date "2003.??.??"]
[Round "8"]
[White "Iodo, A."]
[Black "Franciskovic, B."]
[Result "1/2-1/2"]
[WhiteElo "2160"]
[BlackElo "2030"]
[PlyCount "54"]
[EventDate "2003.??.??"]

1. e4 c6 2. d4 d5 3. exd5 cxd5 4. c4 Nf6 5. Nc3 e6 6. c5 Be7 7. Nf3 O-O 8. Qc2
b6 9. b4 Nc6 10. Qa4 Bb7 11. b5 Nxd4 12. Nxd4 bxc5 13. Nc6 Bxc6 14. bxc6 d4 15.
Nd1 Qd5 16. f3 Qe5+ 17. Kf2 Nd5 18. Nb2 Bg5 19. Bxg5 Qxg5 20. Nc4 Nb6 21. Qc2
Rac8 22. Qe4 Rfd8 23. Bd3 Nxc4 24. Bxc4 Qd2+ 25. Qe2 Qxe2+ 26. Kxe2 Rxc6 27.
Rab1 Rc7 1/2-1/2

[Event "EYg16, Budva YUG"]
[Site "?"]
[Date "2003.??.??"]
[Round "8"]
[White "Djukic, Sa"]
[Black "Kozak, Ma"]
[Result "0-1"]
[WhiteElo "2030"]
[BlackElo "2055"]
[PlyCount "57"]
[EventDate "2003.??.??"]

1. Nf3 Nf6 2. g3 e6 3. Bg2 d5 4. d3 Be7 5. O-O c5 6. Nbd2 Nc6 7. c4 O-O 8. b3
b6 9. Bb2 Bb7 10. Rc1 d4 11. a3 a5 12. Ne5 Qc7 13. Nxc6 Bxc6 14. Bxc6 Qxc6 15.
Nf3 Rfd8 16. Qc2 Bd6 17. e4 dxe3 18. fxe3 Ng4 19. Qe2 Ra7 20. Ng5 Nh6 21. Qh5
Bf8 22. Rcd1 a4 23. b4 cxb4 24. axb4 Bxb4 25. Ne4 Be7 26. g4 Rxd3 27. Qe5 f6
28. Qb8+ Bf8 29. Rxd3 0-1

[Event "EYg16, Budva YUG"]
[Site "?"]
[Date "2003.??.??"]
[Round "8"]
[White "Keskin, S."]
[Black "Khudaverdieva, A."]
[Result "0-1"]
[WhiteElo "2005"]
[BlackElo "2075"]
[PlyCount "90"]
[EventDate "2003.??.??"]

1. d4 Nf6 2. Nf3 g6 3. g3 Bg7 4. Bg2 O-O 5. O-O d5 6. c4 c6 7. b3 Nbd7 8. Bb2
b6 9. Nc3 Bb7 10. cxd5 Nxd5 11. Nxd5 cxd5 12. Rc1 Re8 13. Qd2 e6 14. Qf4 Ba6
15. Rc2 Qe7 16. Rfc1 f6 17. e3 g5 18. Qg4 Bd3 19. Rc7 Bf5 20. Qh5 Bg6 21. Qh3
Qf7 22. Ba3 h5 23. g4 h4 24. Bf1 Red8 25. Ba6 Bf8 26. Bxf8 Qxf8 27. Qf1 e5 28.
Qb5 Qd6 29. Bb7 Nc5 30. Rc6 Qd7 31. dxc5 Qxg4+ 32. Kf1 Qxf3 33. cxb6 d4 34. Rc7
e4 35. Qc4+ Kh8 36. exd4 Bh5 37. Ke1 Rxd4 38. Rc8+ Rd8 39. Bxe4 Raxc8 40. Bxf3
Rxc4 41. bxc4 Bxf3 42. bxa7 Ra8 43. Rc3 g4 44. Ra3 Rd8 45. a8=Q Rxa8 0-1

[Event "EYg16, Budva YUG"]
[Site "?"]
[Date "2003.??.??"]
[Round "9"]
[White "Kirillova, V."]
[Black "Purtseladze, M."]
[Result "0-1"]
[WhiteElo "2115"]
[BlackElo "2215"]
[PlyCount "35"]
[EventDate "2003.??.??"]

1. e4 c6 2. d4 d5 3. e5 Bf5 4. c4 e6 5. Nc3 dxc4 6. Bxc4 Nd7 7. Nge2 Nb6 8. Bb3
Ne7 9. O-O Qd7 10. Ng3 Bg6 11. Be3 h5 12. Qe2 Ned5 13. Nge4 Nxc3 14. Nxc3 a5
15. f4 Bf5 16. h3 h4 17. Bc2 Nc4 18. Ne4 0-1

[Event "EYg16, Budva YUG"]
[Site "?"]
[Date "2003.??.??"]
[Round "9"]
[White "Malysheva, P."]
[Black "Rozic, V."]
[Result "1-0"]
[WhiteElo "2155"]
[BlackElo "2135"]
[PlyCount "61"]
[EventDate "2003.??.??"]

1. e4 e6 2. d4 d5 3. e5 c5 4. c3 Qb6 5. Nf3 Bd7 6. Be2 cxd4 7. cxd4 Bb5 8. Nc3
Bxe2 9. Nxe2 Nc6 10. O-O Nge7 11. Ng3 h5 12. h4 g6 13. Bg5 Bg7 14. Rb1 Rc8 15.
Qd2 Qb4 16. Qf4 Nf5 17. Nxf5 gxf5 18. Rfc1 Kd7 19. Rc3 Na5 20. Rxc8 Kxc8 21. a3
Qb3 22. Qc1+ Kb8 23. Be7 Nc6 24. Bd6+ Kc8 25. Qg5 Rh7 26. Rc1 Qb6 27. Qe7 Rh8
28. Qxf7 Bh6 29. Qxe6+ Kd8 30. Qf6+ Kd7 31. e6+ 1-0

[Event "EYg16, Budva YUG"]
[Site "?"]
[Date "2003.??.??"]
[Round "9"]
[White "Borosova, Z."]
[Black "Rogule, L."]
[Result "1-0"]
[WhiteElo "2055"]
[BlackElo "2250"]
[PlyCount "81"]
[EventDate "2003.??.??"]

1. e4 c5 2. Nf3 Nc6 3. d4 cxd4 4. Nxd4 Nf6 5. Nc3 e6 6. Ndb5 Bb4 7. a3 Bxc3+ 8.
Nxc3 d5 9. exd5 exd5 10. Bd3 O-O 11. O-O d4 12. Ne2 Qd5 13. Bf4 Bg4 14. f3 Bf5
15. Bg3 Rfd8 16. Bf2 Bxd3 17. Qxd3 Rd7 18. Rad1 Rad8 19. Rd2 Qg5 20. h4 Qh6 21.
Rfd1 Nd5 22. Qb3 Re8 23. Nxd4 Nf4 24. Nf5 Qg6 25. Ng3 Rde7 26. Rd6 Ne6 27. Ne4
Qf5 28. R1d5 Qf4 29. g3 Qc1+ 30. Rd1 Qh6 31. Ng5 Qf6 32. Nxe6 fxe6 33. Kg2 Rf8
34. Rxc6 bxc6 35. Bc5 Qe5 36. Bxe7 Qe2+ 37. Kh3 Qxd1 38. Qxe6+ Kh8 39. Bxf8
Qxf3 40. Bxg7+ Kxg7 41. Qg4+ 1-0